00654nam a22001817a 450000500170000001000150001702000260003203500140005803700130007208200130008510000200009824500990011825000160021726000250023327001300025830000520038850000320044020200910165936.0 aENG-128411 c879.00a9789353945251 aEN-111943 bDBAD/PUB a624.1762 aChopra, Anil K. aDynamics of Structures:bTheory and Applications to Earthquake Engineering cby Anil K. Chopra a5th edition aNoidabPearsonc2020 a15th floor,Tower-B,Word Trade Tower,Plot no.1,Block-C sec 16,bNoidae201301k04466540100mcompanysecretary.india@pearson.com axxxi;960p.c23cm(pbk)bIllustrations and Graphs aIncludes Notation and Index